000 01294nam a2200349 i 4500
001 192656
003 SpMaBN
005 20250901024000.0
008 230508s2015 sp | |||| 000 0 spa
017 _aM 36033-2015
_bOficina Depósito Legal Madrid
020 _a9788494428159
035 _a(OCoLC)946109971
040 _aSpMaBN
_bspa
_cES-MaACL
_erda
080 _a615.851.1
245 0 3 _aEl psicoanálisis entre las ciencias del hombre /
_cEloísa Castellano, Adriana Cinello, Carlos Padrón, coordinadores
250 _a1ª edición: noviembre de 2015
264 1 _a[Madrid] :
_bAsociación Psicoanalítica de Madrid,
_c2015
300 _a93 páginas ;
_c21 cm
336 _aTexto (visual)
_2isbdcontent
337 _asin mediación
_2isbdmedia
500 _aÍndice
504 _aReferencias bibliográficas
650 4 _aPsicoanálisis
_2embne
_916530
700 1 _aCastellano-Maury, Eloísa
_epbl
_9176476
700 1 _aCinello, Adriana
_9176465
_epbl
700 1 _aPadrón, Carlos
_q(Padrón Estarriol)
_9176466
_epbl
710 0 _91790
_aAsociación Psicoanalítica de Madrid
_eedt
852 _aES-MaACL
_bR.153134
_jN-8286
_cDEPOJ
_hDonación: Editorial
_9199954
942 _cMONOGRAFIA
_n0
999 _c192656
_d192656